Теория и практика лазерной терапии: учебное руководство

מידע ביבליוגרפי
מחבר ראשי: Илларионов В. Е. Валерий Евгеньевич
סיכום:В руководстве изложены принципы устройства и работы лазеров, методология оценки лазерных терапевтических аппаратов, современные теоретические основы применения в лечебных целях воздействия на организм человека низкоэнергетическим лазерным излучением. Дается общий подход к разработке лечебных методик, изложены основные методики лазерной терапии больных с различными заболеваниями и патологическими состояниями. Предназначено для студентов медицинских вузов, слушателей курсов последипломной подготовки и усовершенствования врачей, а также клиницистов любой специальности, применяющих в своей практике низкоэнергетическое лазерное воздействие.
שפה:רוסית
יצא לאור: Москва, URSS, 2017
מהדורה:Изд. стер.
נושאים:
פורמט: ספר
KOHA link:https://koha.lib.tpu.ru/cgi-bin/koha/opac-detail.pl?biblionumber=333441

MARC

LEADER 00000nam0a2200000 4500
001 333441
005 20231102004545.0
010 |a 9785397058575 
035 |a (RuTPU)RU\TPU\book\359436 
090 |a 333441 
100 |a 20170615d2017 m y0rusy50 ca 
101 0 |a rus 
102 |a RU 
105 |a a j 001zy 
200 1 |a Теория и практика лазерной терапии  |e учебное руководство  |f В. Е. Илларионов 
205 |a Изд. стер. 
210 |a Москва  |c URSS  |c Либроком  |d 2017 
215 |a 149 с.  |c ил. 
320 |a Библиогр.: с. 129-132 
320 |a Регламентирующие документы: с. 128 
330 |a В руководстве изложены принципы устройства и работы лазеров, методология оценки лазерных терапевтических аппаратов, современные теоретические основы применения в лечебных целях воздействия на организм человека низкоэнергетическим лазерным излучением. Дается общий подход к разработке лечебных методик, изложены основные методики лазерной терапии больных с различными заболеваниями и патологическими состояниями. Предназначено для студентов медицинских вузов, слушателей курсов последипломной подготовки и усовершенствования врачей, а также клиницистов любой специальности, применяющих в своей практике низкоэнергетическое лазерное воздействие. 
606 1 |a Лазеры  |x Применение в медицине  |2 stltpush  |3 (RuTPU)RU\TPU\subj\39822  |9 59727 
610 1 |a термины 
610 1 |a понятия 
610 1 |a устройство 
610 1 |a низкоэнергетическое лазерное излучение 
610 1 |a организм человека 
610 1 |a взаимодействие 
610 1 |a терапевтическое действие 
610 1 |a клиническая практика 
610 1 |a допустимые количества 
610 1 |a лазерная терапия 
610 1 |a показания 
610 1 |a противопоказания 
610 1 |a заболевания 
610 1 |a патологические состояния 
610 1 |a частные методики 
610 1 |a педиатрия 
610 1 |a гериатрия 
610 1 |a лазерная рефлексотерапия 
610 1 |a лазерная пунктура 
610 1 |a кровь 
610 1 |a лазерное облучение 
610 1 |a учебные руководства 
675 |a 615.84(075.8)  |v 4 
700 1 |a Илларионов  |b В. Е.  |g Валерий Евгеньевич 
801 1 |a RU  |b 63413507  |c 20170615 
801 2 |a RU  |b 63413507  |c 20200124  |g RCR 
942 |c BK 
959 |a 2/20170120  |d 1  |e 269,00  |f ЧЗТЛ:1